00550nam a2200181 a 45000010010000000030011000100080041000210350026000620820016000881000022001042450043001262600040001696500023002099420012002329520089002449980020003339990015003530000-8795ELIB.Books110520 1953  a(ELIB.Books)0000-8941 a820.3 bRog aRoget, Peter Mark aThesaurus of English Words and Phrases bHarmondsworth: Penguin Books c1953 aEnglish Literature 2ddccBK 00102ddc4070aKBTSbKBTSd2011-05-20l0p261r2022-01-22 00:00:00w2022-01-22yBK cbate2011-05-20 c8795d8795